Mechanika vozoviek pozemných komunikácií /

Na minha lista:
Detalhes bibliográficos
Main Authors: Decký, Martin (Author), Drličiak, Marek (Author), Komačka, Jozef, 1963- (Author), Múčka, Peter (Author), Papán, Daniel (Author), Remišová, Eva (Author), Schlosser, František (Author)
Formato: Livro
Idioma:eslovaco
Publicado em: Žilina: Žilinská univerzita v Žiline, 2014
Edição:1. vyd.
Colecção:edičný rad Vysokoškolské učebnice
Assuntos:
Tags: Adicionar Tag
Sem tags, seja o primeiro a adicionar uma tag!

MARC

LEADER 00000nam a22000003a 4500
001 0013263
003 SK-STU
005 20160310134506.2
007 ta
008 160310s ----xo-----e------000-0-----d
020 |a 978-80-554-0934-4 
040 |a STU  |b slo 
041 0 |a slo  |h slo 
044 |a xo 
100 1 |a Decký, Martin  |4 aut 
245 1 0 |a Mechanika vozoviek pozemných komunikácií /  |c aut. Martin Decký, Marek Drličiak, Jozef Komačka, Peter Múčka, Daniel Papán, Eva Remišová, František Schlosser 
250 |a 1. vyd. 
260 |a Žilina:  |b Žilinská univerzita v Žiline,   |c 2014 
300 |a 494 s. 
490 0 |a edičný rad Vysokoškolské učebnice 
650 0 7 |a vozovky 
650 0 7 |a dopravné zaťaženie 
650 0 7 |a cestné stavebné materiály 
650 0 7 |a deformácie 
650 0 7 |a podložie 
650 0 7 |a asfaltové vozovky 
650 0 7 |a vozovky cementobetónové 
700 1 |a Drličiak, Marek  |4 aut 
700 1 |a Komačka, Jozef,  |d 1963-  |4 aut  |X 46672  |7 A000046672 
700 1 |a Múčka, Peter  |4 aut 
700 1 |a Papán, Daniel  |4 aut 
700 1 |a Remišová, Eva  |4 aut 
700 1 |a Schlosser, František  |4 aut 
996 |c V* 52311/O-23468  |l VV2  |s P  |a 0  |w 0013263_0001